000 00379nam a2200121Ia 4500
008 200626s9999 xx 000 0 und d
020 _a0-13-085162-0
100 _aBrooks, John R. Jr.
245 _cJohn R. Brooks, Jr., Kellye K. Brooks.--
_aAdvertising:
_bPrinciples and practice:/
250 _a5th ed.
260 _aNew Jersey:
_bPrentice Hall, Inc.
_c2000
300 _a324 pages
999 _c363824
_d363824